| 000 | 00329nam a2200133Ia 4500 | ||
|---|---|---|---|
| 008 | 231129s1995||||xx |||||||||||||| ||spa|| | ||
| 040 | _bspa | ||
| 082 | _aCo868 M828c | ||
| 100 | _aMorales Benitez Otto | ||
| 245 | 0 | _aColonizacion en la obra de Ernesto Gutierrez Arango | |
| 260 | _c1995 | ||
| 264 | _aLealon | ||
| 942 |
_2ddc _cBKS |
||
| 999 |
_c7393 _d7393 |
||